Geometry Dash Demonlist - Sudden Death - Statistics

General Stats
  • This quiz has been taken 166 times
  • The average score is 6 of 18
Answers on the Grid
Answers color-coded by a green-red scale on the quiz's grid according to % correct below.
Tartarus
Crimson Planet
LIMBO
Cataclysm
Sonic Wave
Thinking Space
Tidal Wave
Bloodlust
Shardscapes
BOOBAWAMBA
The Golden
Yatagarasu
Disconnected Descent
Thinking Space 2
Kenos
Sakupen Hell
Bloodbath
Nullscapes
Zodiac
Bloodbath
Verdant Landscape
SARYYX NEVER CLEAR
Sonic Wave Infinity
Sonic Wave Rebirth
ORBIT
The Yandere
andromeda
Congregation
SUPERHATEMEWORLD
Cold Sweat
The Yangire
Slaughterhouse
 
Answer Stats
Answer % Correct
Tartarus
71%
LIMBO
57%
Thinking Space 2
48%
Tidal Wave
48%
BOOBAWAMBA
47%
Nullscapes
40%
The Golden
34%
Thinking Space
33%
ORBIT
31%
Slaughterhouse
31%
andromeda
22%
Kenos
21%
Zodiac
21%
SARYYX NEVER CLEAR
17%
Sonic Wave Infinity
17%
Verdant Landscape
17%
The Yangire
16%
Cold Sweat
12%
No matching quizzes found
Score Distribution
Percent of People with Each Score
Percentile by Number Answered
Your Score History
You have not taken this quiz